| 000 | 00502nam a22001937a 4500 | ||
|---|---|---|---|
| 003 | MPLRDC | ||
| 005 | 20220104143245.0 | ||
| 008 | 210129b ||||| |||| 00| 0 eng d | ||
| 020 | _a9971-87-149-1 | ||
| 082 | _a859.6 SJMJ v.1 c.3 | ||
| 100 | _a丁捷编写; 华浪绘图 | ||
| 245 |
_a胆小鬼的故事 _c |
||
| 250 | _a初版 | ||
| 260 |
_a _b新加坡新闻与出版有限公司 _c1985 |
||
| 300 | _b平 | ||
| 490 | _a世界民间故事选集 | ||
| 650 | _a | ||
| 942 |
_cBK _o859.6 SJMJ v.1 c.3 |
||
| 999 |
_c38143 _d38133 |
||